000 00619nam a2200217Ia 4500
003 GCL
008 140319s9999 xx 000 0 ara d
040 _aGCL /
_cGCL
082 0 4 _a070
_bد ص
100 1 _aعبدالعاطى جلال
245 1 0 _aالصحافة فى العالم /
_cعبدالعاطى جلال
700 1 _aدينوابية، ب
300 _a183 ص
490 _aالالف كتاب
_v0
650 0 4 _aالصحافة
650 0 4 _aوسائل الاعلام
650 0 4 _aالعالم
650 0 4 _aوكالات الانباء
650 0 4 _aالصحافة - تاريخ
942 _2ddc
_cBK
999 _c45708
_d45708